Κοινωνικοοικονομικές Ανισότητες στον Τομέα της Στεγάσης / Μεγάλα Αστικά Κέντρα της Ελλάδας - Τυπολογία Νοικοκυριών (Record no. 4532)
[ view plain ]
| 000 -LEADER | |
|---|---|
| fixed length control field | 01290cam a22002054a 4500 |
| 005 - ΗΜΕΡΟΜΗΝΙΑ ΚΑΙ ΩΡΑ ΤΕΛΕΥΤΑΙΑΣ ΕΝΗΜΕΡΩΣΗΣ | |
| Πεδίο ελέγχου | 20250605164148.0 |
| 008 - FIXED-LENGTH DATA ELEMENTS--GENERAL INFORMATION | |
| Πεδίο ελέγχου σταθερού μήκους | 250528s ||||||||||||||||||||||||d |
| 035 ## - SYSTEM CONTROL NUMBER | |
| System control number | 19267 |
| 020 ## - ISBN | |
| ISBN | 9607093526 |
| 040 ## - ΠΗΓΗ ΚΑΤΑΛΟΓΟΓΡΑΦΗΣΗΣ | |
| Φορέας πρωτότυπης καταλογογράφησης | MC Athens Campus Library |
| Γλώσσα καταλογογράφησης | Ελληνικά, Μοντέρνα (1453-) |
| Modifying agency | MC Athens Campus Library |
| Κανόνες περιγραφικής καταλογογράφησης | AACR2 |
| 245 1# - ΤΙΤΛΟΣ ΚΑΙ ΔΗΛΩΣΗ ΥΠΕΥΘΥΝΟΤΗΤΑΣ | |
| Τίτλος | Κοινωνικοοικονομικές Ανισότητες στον Τομέα της Στεγάσης / Μεγάλα Αστικά Κέντρα της Ελλάδας - Τυπολογία Νοικοκυριών |
| 250 ## - EDITION STATEMENT | |
| Edition statement | 1η |
| 260 ## - PUBLICATION, DISTRIBUTION, ETC. | |
| Name of publisher, distributor, etc. | Εθνικό Κέντρο Κοινωνικών Ερευνών, |
| Date of publication, distribution, etc. | 1997 |
| 300 ## - PHYSICAL DESCRIPTION | |
| Extent | 512 |
| 520 ## - SUMMARY, ETC. | |
| Summary, etc. | Θεωρητικό Πλαίσιο του Ερευνητικού Αντικειμένου, Οικογένεια Υψηλόμισθου με Ανώτατη Εκπαίδευση, Νέος Εργαζόμενος και Χαμηλόμισθος, Γυναικεία Νοικοκυριά με Απασχόληση τα Οικιακά, Οικογένεια Εργάτη και Υπαλλήλου, Οικογένεια Αυτοαπασχολούμενου, Φοιτητές, Ηλικιωμένες και Μοναχικές Γυναίκες, Βιβλιογραφία. |
| 700 1# - ΠΡΟΣΘΕΤΗ ΑΝΑΓΡΑΦΗ--ΦΥΣΙΚΟ ΠΡΟΣΩΠΟ | |
| Personal name | Κουβέλη Αναστασία |
| 9 (RLIN) | 5493 |
| 942 ## - ADDED ENTRY ELEMENTS (KOHA) | |
| Koha item type | Books |
| Τύπος τεκμηρίου | Βιβλιοθήκη | Τρέχουσα τοποθεσία | Barcode | Αριθμός εισαγωγής | Ημερομηνία απόκτησης | Ταξιθετικό σύμβολο | Αριθμός αντιτύπου | Κατάσταση απόσυρσης | Κατάσταση χαμένου | Κατάσταση κατεστραμμένου | Μη δανεισμός | Σύνολο δανεισμών | Ημερομηνία τελευταίας εμφάνισης | Η τιμή ισχύει από |
|---|---|---|---|---|---|---|---|---|---|---|---|---|---|---|
| Books | MC Athens Campus Library | MC Athens Campus Library | 9780000045317 | 5263 | 05/06/2025 | REF 363.509495 KOU | 1 | 05/06/2025 | 05/06/2025 |